Iglesias y espacios públicos: lugares de identidad de mexicanos en Metro Atlanta /
Los autores reflexionan sobre la importancia y visible transformación de los espacios públicos en las diferentes ciudades, y los nuevos significados y valores que estos cambios le otorgan a los territorios. En el artículo se toman algunos ejemplos de Metro Atlanta, Georgia, y complementan el tema co...
Guardat en:
| Autor principal: | |
|---|---|
| Altres autors: | |
| Format: | Text |
| Idioma: | Spanish |
| Matèries: | |
| Etiquetes: |
Afegir etiqueta
Sense etiquetes, Sigues el primer a etiquetar aquest registre!
|
MARC
| LEADER | 00000 a a2200000 04500 | ||
|---|---|---|---|
| 001 | 18732 | ||
| 003 | cru CIDCACS/IIS | ||
| 005 | 20200729145536.0 | ||
| 008 | 200729b ||||| |||| 00| 0 spa d | ||
| 999 | |c 31134 |d 31134 | ||
| 040 | |c cru CIDCACS/IIS | ||
| 100 | |a Fourtuny, Patricia | ||
| 245 | |a Iglesias y espacios públicos: |b lugares de identidad de mexicanos en Metro Atlanta / |c Patricia Fourtuny ; Philip J. Williams | ||
| 520 | |a Los autores reflexionan sobre la importancia y visible transformación de los espacios públicos en las diferentes ciudades, y los nuevos significados y valores que estos cambios le otorgan a los territorios. En el artículo se toman algunos ejemplos de Metro Atlanta, Georgia, y complementan el tema con un análisis de organizaciones religiosas que también juegan un papel importante en la construcción de lugares de identidad como intermediarias entre la sociedad receptora y los migrantes latinos | ||
| 650 | |a MIGRACION | ||
| 650 | |a IDENTIDAD SOCIAL | ||
| 650 | |a ESPACIO PUBLICO | ||
| 650 | |a CAMBIO SOCIAL | ||
| 650 | |a RELIGION | ||
| 651 | 0 | |9 245 |a ESTADOS UNIDOS | |
| 651 | 0 | |9 3410 |a MEXICO | |
| 700 | |a Williams, Philip J. | ||
| 773 | |g volumen 10, número 26; páginas 7-19 | ||
| 773 | 0 | |0 40436 |9 4744 |a Universidad Autónoma de Nuevo León |d Monterrey, México: Universidad Autónoma de Nuevo León, |o MFN: 39105 |t Trayectorias: |x 14058928 (anterior) | |
| 942 | |2 ddc |c PP | ||
